| 000 | 00468nam a22001697a 4500 | ||
|---|---|---|---|
| 005 | 20240311061131.0 | ||
| 008 | 240311b |||||||| |||| 00| 0 eng d | ||
| 020 | _a9559062417 | ||
| 082 |
_222 _a323.4. _bSRI. |
||
| 245 |
_aSri Lanka : _bState of human rights / _cLaw & Society trust. |
||
| 260 |
_aColombo : _bLaw & Society Trust / _c1995 |
||
| 300 | _axvii, 313 p., | ||
| 650 | _aNational | ||
| 650 | _aHuman Rights. | ||
| 700 |
_aNissan, Elizabeth. _eedt |
||
| 942 | _cL | ||
| 999 |
_c567 _d567 |
||